[Event "1. OEsterreichische Internet Schach Meisterschaft - Vorrunde 3"]
[Site "Online - Playchess.com"]
[Date ""]
[Round "8"]
[Board "41"]
[White "Knoll, Martin"]
[Black "Schroettner, Tobias Julian"]
[Result "1/2-1/2"]
[WhiteElo "2018"]
[BlackElo "1503"]
[PlyCount "164"]
[EventDate "2020.04.17"]
[EventRounds "9"]
[EventCountry "AUT"]

1. d4 Nf6 2. Nc3 d6 3. e4 g6 4. f4 Bg7 5. Nf3 Nc6 6. Bc4 Na5 7. Bd3 Nc6 8. O-O Bg4
9. Be3 Nd7 10. Bc4 Nb6 11. Be2 O-O 12. h3 Bxf3 13. Bxf3 Nc4 14. Bf2 e6 15. Rb1 Rb8
16. Qd3 Nb6 17. g4 Nb4 18. Qe2 Nc6 19. Qd2 f5 20. g5 e5 21. d5 Ne7 22. fxe5 Bxe5
23. exf5 Nxf5 24. Bg4 Nc4 25. Qd3 Qxg5 26. Qxc4 h5 27. Ne4 Qf4 28. Nf6+ Rxf6 29.
Qxf4 Bxf4 30. Be2 Rbf8 31. Bd3 Ne3 32. Bxe3 Bxe3+ 33. Kg2 Rxf1 34. Rxf1 Rxf1 35.
Kxf1 g5 36. Kg2 h4 37. Kf3 Bf4 38. Kg4 Kg7 39. Kf5 Kf7 40. c4 b6 41. Be2 a5 42. Bg4
Be3 43. Bh5+ Ke7 44. Kg6 Bf4 45. Bg4 Be3 46. Be6 Bf4 47. Kf5 Bd2 48. Ke4 Bf4 49.
Kd3 Kf6 50. Kc3 Be5+ 51. Kb3 Bd4 52. Ka3 Ke5 53. b4 Bc3 54. bxa5 Bxa5 55. Ka4 Kd4
56. Kb5 Bc3 57. Bg4 Bd2 58. Be2 Ke3 59. Bg4 Kd4 60. a4 Ba5 61. Be6 Kc3 62. Kc6 Kxc4
63. Kxc7 Bb4 64. Kxb6 Bc5+ 65. Kb7 Kb4 66. Bd7 Kc4 67. a5 Kxd5 68. a6 Ke5 69. Kc6
Bf2 70. Bg4 d5 71. Kb5 Ba7 72. Kb4 d4 73. Kc4 Kd6 74. Kd3 Kc5 75. Ke4 Kb6 76. Be2
Bb8 77. Kxd4 Bf4 78. Ke4 Ka7 79. Kd5 Bc1 80. Kc6 Bf4 81. Bg4 Bc1 82. Bc8 Bf4  1/2-1/2

[Event "1. OEsterreichische Internet Schach Meisterschaft - Vorrunde 3"]
[Site "Online - Playchess.com"]
[Date ""]
[Round "8"]
[Board "42"]
[White "Hechl, Gerald"]
[Black "Kravanja, Georg"]
[Result "0-1"]
[WhiteElo "2333"]
[BlackElo "2199"]
[PlyCount "130"]
[EventDate "2020.04.17"]
[EventRounds "9"]
[EventCountry "AUT"]

1. d4 Nf6 2. Bg5 Ne4 3. Bf4 d5 4. e3 c5 5. Bd3 Nf6 6. c3 Qb6 7. Nd2 c4 8. Bc2 Qxb2
9. Ne2 Nc6 10. O-O e6 11. a4 Qb6 12. Rb1 Qd8 13. e4 Be7 14. Ng3 O-O 15. e5 Ne8 16.
Qh5 f5 17. exf6 Nxf6 18. Qe2 Bd6 19. Bg5 Qe8 20. Rfe1 Qf7 21. Nf3 h6 22. Bd2 Nh5
23. Ne5 Bxe5 24. dxe5 Nxg3 25. fxg3 b6 26. Rf1 Qe7 27. Rxf8+ Kxf8 28. Rf1+ Ke8 29.
Qh5+ Kd8 30. Rf7 Qc5+ 31. Kf1 Bd7 32. Rxg7 Kc7 33. Rf7 d4 34. Qg4 d3 35. Qxe6 Rd8
36. Bd1 Kc8 37. Qxh6 Nxe5 38. Rf2 Qe7 39. Bg5 Qe6 40. Qxe6 Bxe6 41. Bxd8 Kxd8 42.
Rf6 Ke7 43. Rf2 Bd7 44. h3 Nc6 45. g4 a6 46. g5 b5 47. axb5 axb5 48. h4 b4 49. h5
bxc3 50. Ba4 Nd4 51. Bxd7 Kxd7 52. h6 c2 53. Rf7+ Ke6 54. Rf6+ Ke5 55. h7 c1=Q+ 56.
Kf2 Qd2+ 57. Kg1 Qxg5 58. h8=Q Qxf6 59. Qb8+ Ke4 60. Qb7+ Ke3 61. Qb1 Qf2+ 62. Kh1
d2 63. Kh2 Qh4+ 64. Kg1 Qe1+ 65. Kh2 Qxb1  0-1

[Event "1. OEsterreichische Internet Schach Meisterschaft - Vorrunde 3"]
[Site "Online - Playchess.com"]
[Date ""]
[Round "8"]
[Board "44"]
[White "Maister, Dieter"]
[Black "Steiner, Adam"]
[Result "0-1"]
[WhiteElo "1851"]
[BlackElo "2251"]
[PlyCount "140"]
[EventDate "2020.04.17"]
[EventRounds "9"]
[EventCountry "AUT"]

1. e4 c6 2. d4 d5 3. e5 c5 4. c3 Nc6 5. Nf3 Bg4 6. Be3 cxd4 7. cxd4 e6 8. Nc3 Nge7
9. Bd3 Nf5 10. Ne2 Bxf3 11. gxf3 Bb4+ 12. Kf1 Qh4 13. Qa4 Qh3+ 14. Kg1 Nxe3 15. fxe3
Qxf3 16. Bb5 Qxe3+ 17. Kf1 Qf3+ 18. Kg1 O-O 19. Rf1 Qe3+ 20. Kg2 Nxd4 21. Qxb4 Nxe2
22. Rf3 Qe4 23. Qxe4 dxe4 24. Re3 Nd4 25. Bc4 Rac8 26. b3 b5 27. Rxe4 bxc4 28. Rxd4
cxb3 29. axb3 Rc2+ 30. Kf3 Rc3+ 31. Ke4 Rxb3 32. Ra4 Rb7 33. Rha1 Ra8 34. Ra6 h5
35. Kf4 Kh7 36. Kg5 Rb5 37. Kxh5 Rxe5+ 38. Kg4 Kg6 39. h4 Re4+ 40. Kg3 Rh8 41. Rxa7
Rhxh4 42. R1a5 Rhg4+ 43. Kf3 Ref4+ 44. Ke3 Rf5 45. R5a6 Rg3+ 46. Ke4 Kg5 47. Rb7
Rg4+ 48. Ke3 g6 49. Raa7 Rgf4 50. Rb1 Rf3+ 51. Ke4 R5f4+ 52. Ke5 Re3+ 53. Kd6 Kf6
54. Rbb7 Kg7 55. Re7 g5 56. Re8 g4 57. Raa8 g3 58. Rg8+ Kf6 59. Raf8 Rd3+ 60. Kc5
Rf5+ 61. Kc4 Rdf3 62. Ra8 Rg5 63. Rgf8 g2 64. Ra1 Rf1 65. Ra7 Kg7 66. Raa8 g1=Q 67.
Rg8+ Kf6 68. Rgf8 Rf4+ 69. Kd3 Rg3+ 70. Ke2 Rf2#  0-1

[Event "1. OEsterreichische Internet Schach Meisterschaft - Vorrunde 3"]
[Site "Online - Playchess.com"]
[Date ""]
[Round "8"]
[Board "45"]
[White "Ragger, Anna-Christina"]
[Black "Werdecker, Roland"]
[Result "1-0"]
[WhiteElo "2204"]
[BlackElo "1960"]
[PlyCount "65"]
[EventDate "2020.04.17"]
[EventRounds "9"]
[EventCountry "AUT"]

1. e4 d5 2. exd5 Nf6 3. d4 Qxd5 4. c4 Qa5+ 5. Bd2 Qb6 6. Bc3 e6 7. Nf3 Bb4 8. Qd2
Ne4 9. Qc2 Bxc3+ 10. Nxc3 Nxc3 11. bxc3 Nc6 12. Bd3 Bd7 13. O-O h6 14. a4 a5 15.
Rab1 Qa7 16. d5 Nd8 17. Ne5 Bc8 18. dxe6 Nxe6 19. Bg6 O-O 20. Nxf7 Rxf7 21. Bxf7+
Kxf7 22. Rbd1 Qc5 23. Rd5 Qe7 24. Re1 c6 25. Rf5+ Kg8 26. Rfe5 Bd7 27. c5 Re8 28.
Qb3 Qf7 29. g3 Ng5 30. Rxe8+ Bxe8 31. Rxe8+ Kh7 32. Qxf7 Nxf7 33. Rb8  1-0

[Event "1. OEsterreichische Internet Schach Meisterschaft - Vorrunde 3"]
[Site "Online - Playchess.com"]
[Date ""]
[Round "8"]
[Board "46"]
[White "Schein, Karl-Heinz"]
[Black "Streiter, Gerhard"]
[Result "1/2-1/2"]
[WhiteElo "2187"]
[BlackElo "1973"]
[PlyCount "111"]
[EventDate "2020.04.17"]
[EventRounds "9"]
[EventCountry "AUT"]

1. e4 c5 2. Nf3 d6 3. Bb5+ Nd7 4. O-O a6 5. Bxd7+ Bxd7 6. d4 cxd4 7. Qxd4 Nf6 8.
c4 e6 9. b3 Be7 10. Bb2 O-O 11. Nc3 Qc7 12. Rad1 Rfd8 13. Rfe1 Bc6 14. Qe3 b5 15.
cxb5 axb5 16. Rc1 Qb7 17. Nd2 b4 18. Na4 Bxa4 19. bxa4 Rxa4 20. Nc4 Rxa2 21. Qb3
Rda8 22. e5 Nd5 23. exd6 Bf8 24. h3 R2a6 25. Qg3 Qd7 26. Re4 Nc3 27. Bxc3 bxc3 28.
Qxc3 Bxd6 29. Rd4 Qe7 30. Rcd1 Bb4 31. Qd3 g6 32. Rd7 Qf6 33. Ne3 h5 34. Nc4 Bc5
35. Ne3 Bxe3 36. Qxe3 Ra1 37. Rxa1 Rxa1+ 38. Kh2 Ra4 39. Rd2 Qf4+ 40. Qxf4 Rxf4 41.
g3 Ra4 42. h4 Kg7 43. Rd7 Kf6 44. Kg2 Ra3 45. Rb7 e5 46. Rc7 Ke6 47. Rb7 f6 48. Rg7
Kf5 49. Rb7 g5 50. hxg5 fxg5 51. Rh7 Kg6 52. Re7 Kf5 53. Rf7+ Kg6 54. Re7 Kf5 55.
Rf7+ Kg6 56. Re7  1/2-1/2

[Event "1. OEsterreichische Internet Schach Meisterschaft - Vorrunde 3"]
[Site "Online - Playchess.com"]
[Date ""]
[Round "8"]
[Board "47"]
[White "Heinrici, Simon"]
[Black "Hofstadler, Mario"]
[Result "0-1"]
[WhiteElo "2151"]
[BlackElo "1867"]
[PlyCount "76"]
[EventDate "2020.04.17"]
[EventRounds "9"]
[EventCountry "AUT"]

1. e4 c6 2. d4 d5 3. Nc3 dxe4 4. Nxe4 Nd7 5. Nf3 Ngf6 6. Nxf6+ Nxf6 7. c3 Bg4 8.
Be2 e6 9. Bf4 Be7 10. Qc2 Bh5 11. O-O-O Bg6 12. Bd3 O-O 13. Ne5 Rc8 14. Nxg6 hxg6
15. h4 Qb6 16. Bg5 c5 17. h5 cxd4 18. hxg6 dxc3 19. gxf7+ Rxf7 20. b3 Nd5 21. Bh7+
Kf8 22. Bg6 Bxg5+ 23. Kb1 Ke7 24. Bxf7 Kxf7 25. Rxd5 exd5 26. Qf5+ Qf6 27. Qxc8 Qg6+
28. Ka1 Qc2 29. Qd7+ Kg6 30. Qe6+ Bf6 31. Qe8+ Kf5 32. Qh5+ Ke6 33. Re1+ Kd6 34.
Qh2+ Kc6 35. Re6+ Kb5 36. Rb6+ axb6 37. a4+ Ka6 38. Qg1 Qb2#  0-1

[Event "1. OEsterreichische Internet Schach Meisterschaft - Vorrunde 3"]
[Site "Online - Playchess.com"]
[Date ""]
[Round "8"]
[Board "48"]
[White "Steirer, Gerhard"]
[Black "Nolz, Tom"]
[Result "0-1"]
[WhiteElo "1854"]
[BlackElo "2157"]
[PlyCount "78"]
[EventDate "2020.04.17"]
[EventRounds "9"]
[EventCountry "AUT"]

1. e4 c5 2. Nc3 a6 3. f4 b5 4. d3 Bb7 5. Nf3 b4 6. Ne2 d5 7. e5 Nh6 8. Ng3 e6 9.
Be2 d4 10. O-O Be7 11. Bd2 Ng4 12. h3 Ne3 13. Bxe3 dxe3 14. Qc1 Nc6 15. Qxe3 O-O
16. Ne4 Nd4 17. Nxd4 cxd4 18. Qg3 Rc8 19. Rac1 Qa5 20. Bf3 Bxe4 21. Bxe4 Qxa2 22.
f5 exf5 23. Rxf5 Qxb2 24. Rcf1 Rxc2 25. Rxf7 Rxf7 26. Bd5 Rc1 27. Bxf7+ Kf8 28. e6
Rxf1+ 29. Kxf1 Qc1+ 30. Ke2 Qe3+ 31. Qxe3 dxe3 32. Kxe3 b3 33. Kd2 Bf6 34. Kc1 g6
35. g4 a5 36. Kb1 a4 37. g5 Bxg5 38. d4 a3 39. d5 a2+  0-1

[Event "1. OEsterreichische Internet Schach Meisterschaft - Vorrunde 3"]
[Site "Online - Playchess.com"]
[Date ""]
[Round "8"]
[Board "49"]
[White "Keim, Philipp"]
[Black "Hatzl, Johannes"]
[Result "1-0"]
[WhiteElo "1926"]
[BlackElo "2131"]
[PlyCount "103"]
[EventDate "2020.04.17"]
[EventRounds "9"]
[EventCountry "AUT"]

1. Nf3 d5 2. c4 e6 3. e3 Nf6 4. d4 Be7 5. Nc3 c6 6. Bd3 Nbd7 7. O-O O-O 8. b3 b6
9. Qc2 Bb7 10. e4 dxe4 11. Nxe4 Nxe4 12. Bxe4 Nf6 13. Bd3 h6 14. Bb2 Qc7 15. Rad1
Rad8 16. Rfe1 Rfe8 17. Ne5 c5 18. dxc5 Bxc5 19. Bh7+ Kh8 20. Nxf7+ Qxf7 21. Bg6 Qe7
22. Bxe8 Qxe8 23. Rxd8 Qxd8 24. Rxe6 Be4 25. Bxf6 Qa8 26. Qxe4 Qxe4 27. Bxg7+ Kxg7
28. Rxe4 Kf6 29. Re8 a5 30. g3 Kf5 31. Kg2 Kf6 32. f4 Kf5 33. Kf3 Kf6 34. g4 Kf7
35. Re4 Kf6 36. h4 Kf7 37. g5 hxg5 38. hxg5 Kg6 39. Kg4 Kf7 40. f5 a4 41. g6+ Kf6
42. Re6+ Kg7 43. Kg5 axb3 44. f6+ Kf8 45. g7+ Kf7 46. axb3 Be3+ 47. Kf5 Bc5 48. Rc6
Bd4 49. b4 Be3 50. Rc7+ Kg8 51. Kg6 Bc5 52. Rc8+  1-0

[Event "1. OEsterreichische Internet Schach Meisterschaft - Vorrunde 3"]
[Site "Online - Playchess.com"]
[Date ""]
[Round "8"]
[Board "50"]
[White "Polterauer, Chiara"]
[Black "Ehs, Dominik"]
[Result "0-1"]
[WhiteElo "2178"]
[BlackElo "2070"]
[PlyCount "58"]
[EventDate "2020.04.17"]
[EventRounds "9"]
[EventCountry "AUT"]

1. e4 c5 2. Nf3 e6 3. d4 cxd4 4. Nxd4 Nc6 5. Nc3 Qc7 6. Be3 a6 7. a3 Nf6 8. f4 d6
9. Qf3 Nxd4 10. Bxd4 Rb8 11. h3 b5 12. Bd3 Bb7 13. g4 e5 14. Be3 Nd7 15. Nd5 Bxd5
16. exd5 Be7 17. O-O-O b4 18. axb4 Rxb4 19. Bd2 Rb8 20. Bc3 f6 21. Bxa6 Nc5 22. Qe2
O-O 23. Bc4 Na4 24. Qe4 Nxc3 25. bxc3 Rbc8 26. Bd3 g6 27. fxe5 fxe5 28. c4 Bg5+ 29.
Rd2 Qa5  0-1

[Event "1. OEsterreichische Internet Schach Meisterschaft - Vorrunde 3"]
[Site "Online - Playchess.com"]
[Date ""]
[Round "8"]
[Board "51"]
[White "Strasser, Josef"]
[Black "Teuschler, Hugo"]
[Result "0-1"]
[WhiteElo "1829"]
[BlackElo "2055"]
[PlyCount "112"]
[EventDate "2020.04.17"]
[EventRounds "9"]
[EventCountry "AUT"]

1. d4 d5 2. Nf3 Nf6 3. Bf4 e6 4. e3 Bd6 5. Bg3 b6 6. Bd3 O-O 7. Nbd2 Ba6 8. Qe2 Bxd3
9. Qxd3 c5 10. c3 Nc6 11. dxc5 bxc5 12. b3 Qc7 13. Bxd6 Qxd6 14. O-O Rac8 15. Rac1
Rfd8 16. Rfd1 Qe7 17. h3 h6 18. Qe2 e5 19. c4 d4 20. exd4 cxd4 21. Ne4 Nxe4 22. Qxe4
Qe6 23. Rd2 f5 24. Qe1 e4 25. Nh2 Qf6 26. Rcd1 d3 27. f3 Qd4+ 28. Kh1 Re8 29. Nf1
Nb4 30. fxe4 fxe4 31. Ne3 Rf8 32. a3 Nc6 33. Nd5 Rce8 34. Qe3 Qxe3 35. Nxe3 Nd4 36.
b4 Rc8 37. c5 a6 38. Rc1 a5 39. Nd5 Nb3 40. Rcd1 Nxd2 41. Rxd2 Rcd8 42. Ne3 axb4
43. axb4 Rd4 44. b5 Rc8 45. c6 Rb4 46. Nd5 Rd4 47. Ne7+ Kf7 48. Nxc8 e3 49. Rxd3
Rxd3 50. b6 e2 51. b7 e1=Q+ 52. Kh2 Qe5+ 53. Kg1 Qe3+ 54. Kh2 Qf4+ 55. g3 Qf2+ 56.
Kh1 Rd1#  0-1

[Event "1. OEsterreichische Internet Schach Meisterschaft - Vorrunde 3"]
[Site "Online - Playchess.com"]
[Date ""]
[Round "8"]
[Board "52"]
[White "Mira, Helene"]
[Black "Grafenberger, Dieter"]
[Result "1-0"]
[WhiteElo "2082"]
[BlackElo "1953"]
[PlyCount "83"]
[EventDate "2020.04.17"]
[EventRounds "9"]
[EventCountry "AUT"]

1. d4 d6 2. c4 c6 3. Nf3 Nd7 4. Nc3 Qc7 5. e4 e5 6. Be2 Be7 7. Be3 Ngf6 8. O-O O-O
9. h3 Re8 10. d5 Nf8 11. g4 Ng6 12. Ne1 c5 13. Ng2 Bd7 14. f3 a6 15. a4 h6 16. h4
Nh7 17. Qe1 Qd8 18. h5 Ngf8 19. Kh2 Ng5 20. Rh1 Nfh7 21. Qg3 g6 22. Kg1 gxh5 23.
Rxh5 Bf8 24. Kf2 Bg7 25. Rah1 Nf6 26. Rxh6 Bxh6 27. Rxh6 Nfh7 28. Nh4 Kg7 29. Rh5
Rh8 30. Nf5+ Bxf5 31. gxf5 f6 32. f4 exf4 33. Bxf4 Kf7 34. Bxd6 Re8 35. Rh6 Qb6 36.
Bh5+ Kg8 37. Bxe8 Qxb2+ 38. Kg1 Rxe8 39. Rxf6 Qc1+ 40. Kh2 Qd2+ 41. Kg1 Qd1+ 42.
Nxd1  1-0

[Event "1. OEsterreichische Internet Schach Meisterschaft - Vorrunde 3"]
[Site "Online - Playchess.com"]
[Date ""]
[Round "8"]
[Board "53"]
[White "Kepplinger, Lukas"]
[Black "Meglitsch, Konstantin"]
[Result "0-1"]
[WhiteElo "2014"]
[BlackElo "2041"]
[PlyCount "46"]
[EventDate "2020.04.17"]
[EventRounds "9"]
[EventCountry "AUT"]

1. d4 Nf6 2. Bg5 h6 3. Bxf6 exf6 4. e3 d5 5. c4 c6 6. Nc3 Bb4 7. Qb3 Bxc3+ 8. bxc3
O-O 9. cxd5 cxd5 10. Nf3 Nc6 11. Be2 Rb8 12. O-O Be6 13. Qc2 Qd7 14. Rab1 a6 15.
a4 Na5 16. Nd2 Rfc8 17. Rfc1 Rc7 18. Bxa6 Rbc8 19. Bb5 Qd6 20. Qb2 Bf5 21. Ra1 Nc4
22. Nxc4 dxc4 23. Qa3 Qe6  0-1

[Event "1. OEsterreichische Internet Schach Meisterschaft - Vorrunde 3"]
[Site "Online - Playchess.com"]
[Date ""]
[Round "8"]
[Board "54"]
[White "Doujak, Gabriel Andreas"]
[Black "Huber, Guenther"]
[Result "1-0"]
[WhiteElo "1980"]
[BlackElo "1979"]
[PlyCount "89"]
[EventDate "2020.04.17"]
[EventRounds "9"]
[EventCountry "AUT"]

1. e4 b6 2. d4 Bb7 3. Bd3 e6 4. Nf3 c5 5. c3 cxd4 6. cxd4 Nc6 7. O-O Nb4 8. Nc3 Nxd3
9. Qxd3 Nf6 10. Bg5 h6 11. Bh4 Ke7 12. e5 g5 13. exf6+ Ke8 14. Bg3 Qxf6 15. Nb5 Qd8
16. Nc7+ Ke7 17. Nxa8 Qxa8 18. Rfe1 Bg7 19. Be5 f6 20. Bg3 Kf7 21. Rac1 h5 22. h3
g4 23. Nh4 f5 24. Be5 gxh3 25. g3 Be4 26. Qb5 Bc6 27. Qb4 Rg8 28. Qd6 Bf8 29. Qc7
Rg4 30. Rxc6 Qxc6 31. Qxc6 dxc6 32. Kh2 c5 33. f3 Rg8 34. Kxh3 cxd4 35. Bxd4 Bd6
36. Be5 Bb4 37. Rc1 Bc5 38. a3 Rd8 39. b4 Bg1 40. Rc7+ Ke8 41. Ng6 Rd2 42. Kh4 Rd3
43. Bf6 Rxf3 44. Ne5 Rc3 45. Rxc3  1-0

[Event "1. OEsterreichische Internet Schach Meisterschaft - Vorrunde 3"]
[Site "Online - Playchess.com"]
[Date ""]
[Round "8"]
[Board "55"]
[White "Hoelzl, Bernhard"]
[Black "Gartmayer, Stefan"]
[Result "1-0"]
[WhiteElo "1392"]
[BlackElo "1914"]
[PlyCount "109"]
[EventDate "2020.04.17"]
[EventRounds "9"]
[EventCountry "AUT"]

1. d4 d5 2. Nf3 e6 3. Bf4 c5 4. c3 Nc6 5. e3 Nf6 6. Nbd2 Bd6 7. Bg3 O-O 8. Bd3 b6
9. Ne5 Ne7 10. O-O Bb7 11. Ndf3 Ne4 12. Bxe4 dxe4 13. Nd2 cxd4 14. exd4 Nf5 15. Ndc4
Bc7 16. Qe2 Bd5 17. Ne3 f6 18. Nxf5 fxe5 19. Ne3 exd4 20. Nxd5 exd5 21. cxd4 Bxg3
22. hxg3 Qf6 23. Qe3 Rac8 24. Rac1 Rxc1 25. Rxc1 h6 26. Rc3 Kh7 27. f3 exf3 28. gxf3
Rf7 29. Kg2 Re7 30. Qd3+ Qg6 31. Qxg6+ Kxg6 32. Kf2 Kf6 33. Rc6+ Re6 34. Rc7 Re7
35. Rc8 Rd7 36. b3 Ke6 37. b4 Kd6 38. Ke3 Rc7 39. Rxc7 Kxc7 40. Kf4 Kd6 41. Kf5 Kc6
42. Ke6 Kb5 43. Kxd5 Kxb4 44. Ke6 Ka3 45. d5 Kxa2 46. d6 b5 47. d7 a5 48. d8=Q a4
49. Qa5 a3 50. Kd5 h5 51. Kd4 g5 52. Kc3 b4+ 53. Qxb4 h4 54. Kc2 hxg3 55. Qb1#  1-0

[Event "1. OEsterreichische Internet Schach Meisterschaft - Vorrunde 3"]
[Site "Online - Playchess.com"]
[Date ""]
[Round "8"]
[Board "56"]
[White "Weichhart, Daniel"]
[Black "Prinz, Hubert"]
[Result "1-0"]
[WhiteElo "1648"]
[BlackElo "1956"]
[PlyCount "119"]
[EventDate "2020.04.17"]
[EventRounds "9"]
[EventCountry "AUT"]

1. d4 d5 2. Bf4 e6 3. Nf3 Nf6 4. e3 Bd6 5. Bg3 O-O 6. Bd3 c6 7. Nbd2 a6 8. c4 dxc4
9. Nxc4 Bxg3 10. hxg3 b5 11. Nce5 h6 12. g4 Nbd7 13. g5 Nxe5 14. dxe5 Nd5 15. gxh6
g6 16. e4 Nf4 17. Bf1 Qa5+ 18. Qd2 Qxd2+ 19. Nxd2 Bb7 20. g3 Nh5 21. Be2 Kh7 22.
Bxh5 gxh5 23. Rxh5 c5 24. Ke2 c4 25. Rah1 Rad8 26. R1h4 f5 27. Rg5 Rd7 28. exf5 exf5
29. Rhh5 Bc8 30. f4 Rdf7 31. Nf3 Bb7 32. Nd4 Be4 33. Ke3 Bb1 34. a3 Bd3 35. e6 Re7
36. Kd2 Rf6 37. Nxf5 Bxf5 38. Rxf5 Rxf5 39. Rxf5 Rxe6 40. Rh5 Rb6 41. g4 a5 42. Kc3
b4+ 43. axb4 Rxb4 44. Rxa5 Rb3+ 45. Kxc4 Rf3 46. Rf5 Kxh6 47. g5+ Kg6 48. Rf6+ Kg7
49. b4 Rf1 50. b5 Rc1+ 51. Kd5 Rb1 52. b6 Rb2 53. Kc6 Rc2+ 54. Kb7 Rb2 55. Kb8 Rb1
56. b7 Rb2 57. Rc6 Re2 58. Kc7 Rb2 59. b8=Q Rxb8 60. Kxb8  1-0

[Event "1. OEsterreichische Internet Schach Meisterschaft - Vorrunde 3"]
[Site "Online - Playchess.com"]
[Date ""]
[Round "8"]
[Board "57"]
[White "Kucharski, Michael"]
[Black "Kessler, Manuel"]
[Result "1-0"]
[WhiteElo "1948"]
[BlackElo "1731"]
[PlyCount "73"]
[EventDate "2020.04.17"]
[EventRounds "9"]
[EventCountry "AUT"]

1. d4 Nf6 2. c4 c5 3. d5 e6 4. Nc3 exd5 5. cxd5 d6 6. e4 g6 7. h3 Bg7 8. Nf3 O-O
9. Bd3 a6 10. a4 Re8 11. O-O Nbd7 12. Bf4 Ne5 13. Nxe5 dxe5 14. Bg5 h6 15. Be3 b6
16. a5 bxa5 17. Bxc5 Rb8 18. Ba3 Qb6 19. Na4 Qb7 20. Nc5 Qb6 21. Qe2 Nd7 22. Nxa6
Bxa6 23. Bxa6 Nc5 24. Bc4 Rec8 25. Qe3 Nb3 26. Qxb6 Rxb6 27. Bxb3 Rxb3 28. Rac1 Rbb8
29. d6 Bf6 30. Rfd1 Rd8 31. Rd5 Kg7 32. Rxa5 Rbc8 33. Rxc8 Rxc8 34. g3 Bd8 35. Rd5
Kf6 36. Bb4 Rb8 37. Bc3  1-0

[Event "1. OEsterreichische Internet Schach Meisterschaft - Vorrunde 3"]
[Site "Online - Playchess.com"]
[Date ""]
[Round "8"]
[Board "58"]
[White "Wimmer, Michael"]
[Black "Chen, Qingxia"]
[Result "0-1"]
[WhiteElo "1559"]
[BlackElo "1776"]
[PlyCount "82"]
[EventDate "2020.04.17"]
[EventRounds "9"]
[EventCountry "AUT"]

1. e4 e5 2. Nf3 Nc6 3. d4 exd4 4. Nxd4 Bc5 5. Nb3 Bb6 6. Nc3 Qf6 7. Qe2 Nge7 8. Be3
O-O 9. f3 d6 10. O-O-O Be6 11. h4 h6 12. g4 Ne5 13. Bg2 Bxe3+ 14. Qxe3 Nc4 15. Qe2
Qf4+ 16. Kb1 Ne3 17. Rdg1 Bc4 18. Qf2 Nxg4 19. Ne2 Nxf2 20. Nxf4 Nxh1 21. Bxh1 Bxb3
22. axb3 c6 23. Bg2 d5 24. e5 Nf5 25. Nd3 Nxh4 26. Bh1 Nf5 27. f4 Rfe8 28. c3 Rad8
29. Bf3 d4 30. Bg4 Ne3 31. Be2 dxc3 32. bxc3 Nd5 33. Kc2 Ne3+ 34. Kd2 Nf5 35. Bg4
Nh4 36. Rh1 Ng6 37. Rg1 Nxf4 38. Bf5 Rxe5 39. Rf1 Rxf5 40. Rxf4 Rxd3+ 41. Kxd3 Rxf4
 0-1

[Event "1. OEsterreichische Internet Schach Meisterschaft - Vorrunde 3"]
[Site "Online - Playchess.com"]
[Date ""]
[Round "8"]
[Board "59"]
[White "Filek, Mattias"]
[Black "Schumi, Manfred"]
[Result "1-0"]
[WhiteElo "1932"]
[BlackElo "2202"]
[PlyCount "101"]
[EventDate "2020.04.17"]
[EventRounds "9"]
[EventCountry "AUT"]

1. e4 Nf6 2. Nc3 d5 3. e5 d4 4. exf6 dxc3 5. fxg7 cxd2+ 6. Bxd2 Bxg7 7. c3 O-O 8.
Nf3 Nc6 9. Be2 Bf5 10. O-O Qd7 11. Qb3 b6 12. Rad1 Na5 13. Qb4 c5 14. Qh4 Qe6 15.
Rfe1 Qg6 16. Bf4 Rfe8 17. Ne5 Qf6 18. Qg3 h6 19. Bb5 Red8 20. h3 Nb7 21. Nc6 Rxd1
22. Rxd1 Nd6 23. Nxe7+ Qxe7 24. Bxd6 Qf6 25. Re1 a6 26. Bc4 b5 27. Bd5 Rc8 28. Be5
Qg6 29. Qxg6 Bxg6 30. Bxg7 Kxg7 31. Re7 Rd8 32. c4 Rd6 33. f4 Kf6 34. Ra7 h5 35.
g4 bxc4 36. Bxc4 hxg4 37. hxg4 Rd4 38. Rxa6+ Ke7 39. Ra7+ Kf6 40. f5 Rxg4+ 41. Kh2
Kxf5 42. Bxf7 Bxf7 43. Rxf7+ Ke5 44. Rd7 Rf4 45. Kg3 Rb4 46. Rd2 Ke4 47. b3 c4 48.
Rh2 c3 49. Rh4+ Kd3 50. Rxb4 c2 51. Rc4  1-0

[Event "1. OEsterreichische Internet Schach Meisterschaft - Vorrunde 3"]
[Site "Online - Playchess.com"]
[Date ""]
[Round "8"]
[Board "60"]
[White "Thummer, Philipp"]
[Black "Milanollo, Mario"]
[Result "0-1"]
[WhiteElo "1207"]
[BlackElo "2053"]
[PlyCount "104"]
[EventDate "2020.04.17"]
[EventRounds "9"]
[EventCountry "AUT"]

1. e4 c5 2. g3 g6 3. Bg2 Bg7 4. Ne2 Nc6 5. c3 e5 6. d3 Nge7 7. f4 d5 8. h3 O-O 9.
O-O f5 10. exd5 Nxd5 11. Kh2 Be6 12. Bxd5 Bxd5 13. Nd2 Re8 14. c4 Bf7 15. Nb3 b6
16. Nc3 Qd7 17. Qc2 Rad8 18. Rf3 Nb4 19. Qd2 Qc6 20. Re3 Bxc4 21. fxe5 Bh6 22. Qe2
Rxd3 23. Rxd3 Bxd3 24. Qd1 Bc2 25. Qd6 Bg7 26. Qxc6 Nxc6 27. Bf4 Bxe5 28. Bxe5 Rxe5
29. Nd2 Nd4 30. Kg2 Bd3 31. Rd1 Ba6 32. b3 Kf7 33. Nf3 Bb7 34. Rd3 Bxf3+ 35. Rxf3
Nxf3 36. Kf2 Nd4 37. h4 Ke6 38. Kf1 h6 39. Kf2 g5 40. h5 a6 41. Na4 Re2+ 42. Kf1
Rxa2 43. Nxb6 Nxb3 44. Nc4 Kd5 45. Ne3+ Ke4 46. Nc4 Nd2+ 47. Nxd2+ Rxd2 48. g4 Ke3
49. gxf5 c4 50. Ke1 c3 51. f6 c2 52. f7 c1=Q#  0-1

[Event "1. OEsterreichische Internet Schach Meisterschaft - Vorrunde 3"]
[Site "Online - Playchess.com"]
[Date ""]
[Round "8"]
[Board "61"]
[White "Riemelmoser, Stefan"]
[Black "Katter, Marlene"]
[Result "1/2-1/2"]
[WhiteElo "2046"]
[BlackElo "1609"]
[PlyCount "150"]
[EventDate "2020.04.17"]
[EventRounds "9"]
[EventCountry "AUT"]

1. e4 e6 2. d4 d5 3. Nc3 dxe4 4. Nxe4 Nd7 5. Nf3 Ngf6 6. Nxf6+ Nxf6 7. c3 c5 8. Bd3
Be7 9. O-O O-O 10. h3 b6 11. Be3 cxd4 12. Bxd4 Bb7 13. Re1 Nd5 14. Qc2 h6 15. Re4
Nf6 16. Rh4 Bxf3 17. gxf3 g5 18. Rxh6 Kg7 19. Rh7+ Kg8 20. Bxf6 Bxf6 21. Rh5 Re8
22. Qe2 Bg7 23. Qe4 f5 24. Qe2 Qf6 25. f4 gxf4 26. Kh2 Qe5 27. Qf3 Kf7 28. Rg1 Rh8
29. Rxh8 Rxh8 30. Qg2 f3+ 31. Qg3 Qxg3+ 32. Kxg3 Be5+ 33. Kxf3 Rxh3+ 34. Ke2 Rh7
35. Rg2 Rg7 36. Rxg7+ Kxg7 37. Ke3 Kf6 38. f4 Bd6 39. Kf3 e5 40. fxe5+ Bxe5 41. Ke3
f4+ 42. Kf3 Kg5 43. Be2 a5 44. Bd3 Bd6 45. Bc4 Bc5 46. Be6 Be3 47. b3 Bd2 48. c4
Bb4 49. Bd5 Bc5 50. Be6 Bd6 51. Bd5 Kf6 52. Ke4 Be5 53. Bc6 Bd6 54. Kd5 Bc5 55. Ke4
Bd6 56. Bb7 Bc7 57. Kd4 Kf5 58. Bf3 Bd6 59. Kd5 Bc5 60. Kc6 Ke5 61. Kb5 Kd4 62. Ka4
Ke3 63. Bg2 f3 64. Bh3 Ke2 65. a3 f2 66. b4 axb4 67. axb4 Be7 68. Kb5 Bd8 69. c5
bxc5 70. bxc5 f1=Q 71. Bxf1+ Kxf1 72. Kc6 Ke2 73. Kd7 Ba5 74. c6 Kd3 75. c7 Bxc7
 1/2-1/2